| 000 | 00450nam a2200157 i 4500 | ||
|---|---|---|---|
| 001 | 21852 | ||
| 003 | ES-MaACL | ||
| 005 | 20230906152546.0 | ||
| 007 | t| | ||
| 008 | 021128s1958 sp ||||1| spa d | ||
| 100 | 1 |
_aAlejandro Lueiro, José María de. _919703 |
|
| 245 | 1 | 0 |
_aEn la hora crepuscular de Europa / _cJosé Mª Alejandro. |
| 260 |
_aMadrid : _bEspasa-Calpe, _c1958. |
||
| 300 |
_a325 p. ; _c23 cm. |
||
| 852 |
_aES-MaACL _jC-38194 _bR.71269 |
||
| 999 |
_c21852 _d21852 |
||